[Event "WchT 12th"]
[Site "Astana"]
[Date "2019.03.05"]
[Round "1.20"]
[White "Kostenko, Petr"]
[Black "Jones, Gawain C B"]
[Result "0-1"]
[WhiteElo "2466"]
[BlackElo "2681"]
[Annotator "Jones,G"]
[PlyCount "126"]
[EventDate "2019.03.05"]
[EventType "team-tourn"]
[EventRounds "9"]
[EventCountry "KAZ"]
[SourceTitle "CBM 189"]
[Source "ChessBase"]
[SourceDate "2019.04.29"]
[SourceVersion "1"]
[SourceVersionDate "2019.04.29"]
[SourceQuality "1"]
[WhiteTeam "Kazakhstan"]
[BlackTeam "England"]
[WhiteTeamCountry "KAZ"]
[BlackTeamCountry "ENG"]

1. e4 e5 2. Nf3 Nc6 3. Bc4 {Kostenko was spending time very early so I guessed
he hadn't prepared very deeply.} Bc5 4. O-O Nf6 5. d3 d6 6. a4 a6 7. c3 Ba7 {
As he didn't seem to be in preparation I decided to follow my previous game.}
8. Be3 {Unfortunately preventing quite a lot of my tricks but it makes some
sense as I have already moved my bishop twice.} ({My previous game had
continued} 8. Re1 Ng4 $5 {A fairly topical idea tried a couple of times by
Adhiban. It looks naive but it's not so easy for White.} 9. Re2 Qf6 10. Na3 Qg6
11. Nc2 O-O 12. Ne3 {Rose,M (2250)-Jones,G (2691) Daventry 2019. Here I should
have followed by instinct and played} Kh8 $1 {[%cal Gf7f5] when White is in
trouble. I didn't want to allow the complications after} 13. Nd5 f5 $1 {
but this is simply very good for Black, my attack is too fast.}) 8... Bxe3 9.
fxe3 O-O (9... Ne7 {was Aronian's choice, and probably the simplest for Black.}
10. Nbd2 (10. Nh4 {doesn't look as critical before Black has castled. Here
Black can play} d5 $11 {when White has to take as the e4-pawn is undefended.})
10... Ng6 11. a5 O-O $11 {1/2-1/2 (40) Jobava,B (2710)-Aronian,L (2783)
Khanty-Mansiysk 2010}) 10. Nbd2 {Here I had quite a long think. It's not so
easy to come up with a plan.} h6 (10... Ne7 {would be the most logical but I
was concerned by} 11. Nh4 d5 {This must be critical.} (11... Ng6 12. Nxg6 $5 (
12. Nf5 c6 13. Qf3 d5 14. Ba2 Be6 $11 {1-0 (59) Nozdrachev,V (2485)
-Fakhrutdinov,T (2429) Serpukhov 2018}) 12... hxg6 13. Nf3 $14 {[%cal Gd1e1,
Ge1h4]}) 12. exd5 (12. Bb3 $5 {looks interesting.}) 12... Nexd5 13. Qf3 c6 14.
e4 {White starts giving up a lot of squares.} (14. a5 $11 {looks more
circumspect.}) 14... Nf4 15. g3 $6 Qb6+ 16. d4 $2 exd4 17. gxf4 dxc3+ $19 {
0-1 (29) Jackova,J (2345)-Stefanova,A (2538) Plovdiv 2008}) 11. d4 {I
underestimated this idea. Now I think White has some definite pressure.} Bg4 {
An unusual move in Italian structures but my idea was to reroute the bishop to
the b1-h7 diagonal to put pressure on the e4-pawn.} 12. Qc2 {Not the best
square.} ({A couple of Correspondence games have reached this position. They
both went} 12. Qe1 $1 {and the White players were successful in both cases.}
Na5 (12... Bxf3 13. Rxf3 (13. gxf3 $5) 13... Na5 14. Ba2 c5 15. Qg3 Kh7 16.
Raf1 b5 17. Rxf6 $1 gxf6 18. Bd5 Ra7 19. Qh4 Kg7 20. Rf5 $18 {and Black was
helpless. 1-0 (35) Wharrier,J (2364)-Vetter,G (2309) ICCF email 2014}) 13. Ba2
Nc6 14. b4 Qd7 15. Nh4 Kh7 16. h3 Bh5 17. a5 Bg6 18. Qe2 Ne7 19. Bb3 Kh8 20.
Rad1 Rae8 21. dxe5 dxe5 22. Nxg6+ Nxg6 (22... fxg6 23. Nf3 $16) 23. Rxf6 $1 {
Again this theme.} gxf6 24. Nf1 Qc6 25. Qh5 Kg7 26. Ng3 Ne7 27. Rd3 $18 {
1-0 (67) Bucsa,I (2177)-Kazmierczuk,Z (2186) ICCF email 2015}) 12... Bh5 13.
Rae1 Nd7 ({It was probably better to start with} 13... Bg6 {I didn't want to
allow} 14. Nh4 {but} Bh7 {isn't the end of the world, although it does look a
little passive. Here Black is very solid.}) (13... a5 {would stop White taking
space on the queenside but gives up the b5-square and allows White's plan of}
14. Nh4 $14 {[%csl Rh5] when my bishop looks very odd on h5.}) 14. b4 {I still
couldn't really assess this position. White's grabbing a lot of space but I
hoped that would create weaknesses in his position.} Qe7 (14... Ne7 {would
again allow White's plan with} 15. Nh4 {although here I can start generating
counterplay with} a5 16. b5 c6) 15. g3 {White's continuing to play for the
maximum. The knight is now coming round to f5 but generating another weakness
on the light squares in front of his king.} a5 $5 {Fighting for counterplay on
the queenside but leaving my bishop hanging in mid-air on h5.} (15... Bg6 16.
Nh4 Bh7 17. Nf5 {is pleasant for White.}) 16. b5 Nd8 17. Nh4 Ne6 ({I should
have started with} 17... Nb6 $1 {My knight is offside here but it would have
prevented White's next. However White would still have been for preference
after something like} 18. Nf5 Qd7 19. h3 Ne6 20. g4 Bg6 21. Bd5 Rab8 22. Nc4
Nxc4 23. Bxc4 c6 24. h4 $14) 18. Bd5 $1 {I'd overlooked this idea.} Ra7 {
My rook looks very artificial here but I hoped to coordinate within the next
few moves.} (18... Rab8 19. Nc4 {and there's no good way to defend the a5-pawn.
} b6 {giving away the c6-square looked so ugly to me.}) 19. Nf5 {It appears it
was more accurate to delay this natural knight jump as I now get to use my
bishop again.} (19. Nc4 $16 {Here it's very hard to find counterplay.}) 19...
Qd8 20. h3 (20. Nc4 {can now be met with} Bg4 $11) 20... Nf6 $6 21. Bc4 (21. b6
$1 {I noticed this strong pawn sacrifice next move but it was already very
powerful.} cxb6 22. Qb3 $16 {[%csl Ra7,Gb5,Rb6,Rd6]}) 21... c6 {Starting my
fight back.} 22. Bd3 Bg6 23. Nc4 Bxf5 $1 {Now White's pieces get pushed
backwards and I get to take over the initiative.} 24. Rxf5 ({After} 24. exf5
Ng5 25. h4 {I can choose either a murky position with} e4 ({or more likely the
retreat} 25... Ngh7 {when White can't grab the e5-pawn as g3 is too weak.}) 26.
hxg5 exd3 27. Qxd3 hxg5 $13) 24... g6 {It makes sense to push the rook back so
that I keep e5 securely defended but now my king has been weakened. It'll be
harder to keep my knight on f6 and consequently f7 is more vulnerable.} ({
The engine offers an approach I hadn't considered:} 24... cxb5 $1 25. axb5 b6 {
Now Black will have a wonderful outpost on c5 if White moves the d4-pawn and
otherwise I can try to put pressure on the e4-pawn with ...Ng5 and doubling on
the e-file.}) 25. Rff1 Qe7 26. Kg2 Nd7 27. Qa2 Raa8 {Finally I have
coordination again.} 28. Qa3 c5 29. d5 Ng7 30. b6 $5 {This move really
surprised me but maybe it's a good move. I thought the b6-pawn was now very
exposed but he's getting counterplay against a5. Otherwise I'd take control of
the b6-square and then try breaking on the kingside.} f5 {Suddenly the
position resembles a King's Indian.} 31. Qc1 Nf6 $2 {The wrong plan.} 32. Qc2
$6 {Short on time he believes me.} (32. exf5 $1 {was actually very strong. My
intention was} e4 {followed by recapturing on f5 with the knight with a good
position but White has the strong piece sacrifice} 33. fxg6 $1 exd3 (33... Nfh5
{is the better practical try but there shouldn't be anything like sufficient
compensation after} 34. Be2 Qg5 35. Bg4 $16) 34. e4 $1 Nd7 35. Qxh6 Ne8 $16 {
Material is rougly level but White has a very powerful initiative. The d3-pawn
is probably also dropping when White will have four pawns for the piece.})
32... Rad8 $5 {Provoking him to open the a-file and potentially freeing my
queen from guarding the f6-pawn.} 33. Kh2 h5 {[%csl Rg3][%cal Gh5h4] In mutual
time trouble I ask White some more questions about his king's safety.} 34. Nxa5
{Trying to distract from what's going on over on the kingside but now I get a
second front.} Ra8 35. Nb3 $2 ({During the game I wondered if} 35. Nc6 $1 {
were legal, and in fact it was a much better option} Qe8 (35... bxc6 36. dxc6 {
looks extremely dangerous. White has three advanced connected passed pawns.})
36. Na7 {The a-file is blocked and} c4 37. Bxc4 Nxe4 38. a5 {is a much better
version of the game for White. However, it being a King's Indian style
position, things are still very unclear.}) 35... h4 $1 {I thought it useful to
jettison another pawn to open up the lines on the kingside while I can.} 36.
gxh4 c4 $1 37. Bxc4 Nxe4 {White is temporarily two pawns up but the h4-pawn is
definitely dropping and I'll get counterplay down the a or c-files. White's
king has been opened up and his structure is terrible.} 38. Rg1 $6 {From his
body language it's clear Kostenko missed that my next indirectly defends the
g6-pawn.} ({However matters are now very difficult for White.} 38. a5 Rac8 {
and I crash through on the c-file.}) ({My engine initially offers} 38. Bd3 {
as White's best but} Rxa4 39. Bxe4 Rxe4 {doesn't seem to hold much hope for
White.}) ({Perhaps the most tenacious was} 38. Bb5 {but it's clear Black's now
doing very well. One hypothetical line runs:} Qxh4 39. Qg2 Nxc3 40. Qxg6 Nxb5
41. Rg1 {This has some similarities to the game.} Rf7 42. Rc1 $1 (42. axb5 Ra2+
43. Rg2 Rxg2+ 44. Qxg2 Qxe1 $19) 42... f4 $1 $17) 38... Qxh4 39. Ref1 Ng5 $2 {
Short on time I decided to cash in and win the piece but this actually throws
away the win.} (39... g5 $19 {was the most straightforward. White simply
cannot deal with all the weaknesses in his position.}) 40. Qg2 Qxc4 41. Qxg5
Qxb3 42. Qxg6 Rf7 {I thought converting the extra piece should just be a
matter of technique here as the White pawns should drop one by one but in fact
White should have enoguh activity.} 43. Qxd6 (43. Qe6 $1 {should have been
played immediately. Compared to the game I can't force his king back to h1:}
Qc2+ 44. Kh1 Qe4+ 45. Kh2 Qxe3 46. Rxg7+ $1 Kxg7 47. Rg1+ $11 {and White is
active enough to hold the balance.}) 43... Qxc3 44. Qe6 $2 {The final mistake}
(44. Rg2 $1 {And it's surprisingly difficult for Black.} e4 (44... Qxe3 45. Qe6
$1 {can now be played.}) 45. a5 $1 Qf6 (45... Qxa5 $2 46. Qe6 $18) (45... Rxa5
46. Rfg1 $11) 46. Qxf6 Rxf6 47. Rc1 $1 {It seems White is active enough to
hold the draw without too many problems.}) 44... Qd2+ $1 {An important check.}
(44... Qxe3 $2 {would again allow} 45. Rxg7+ Kxg7 46. Rg1+) 45. Kh1 (45. Rg2
Qxg2+ 46. Kxg2 Nxe6 {is the important point.}) 45... Qxe3 46. Rg6 ({Now} 46.
Rxg7+ Kxg7 47. Rg1+ {fails to} Kh8 48. Qxf7 Qxh3# {An extremely important
difference.}) 46... Qxh3+ {Now I'm a full piece up. Black still needs to be on
his guard but I decided pushing my passed pawns was the easiest conversion.}
47. Kg1 Qe3+ 48. Kh2 Qe2+ 49. Kg1 f4 50. Rf2 Qe1+ 51. Rf1 Qe3+ 52. Kh2 Qe2+ 53.
Kg1 f3 54. a5 f2+ 55. Kg2 Qf3+ 56. Kh2 Qf4+ 57. Kg2 Raf8 58. d6 Qf3+ 59. Kh2
Qh5+ 60. Kg2 Kh7 61. Qg4 $5 {An enterprising last try} Qxg6 62. Rh1+ Nh5 $1 63.
Rxh5+ Kg7 {Not a perfect game by any means but some interesting positions and
a true battle. With this win we managed to squeeze past the hosts 2.5-1.5, a
good start to the competition.} 0-1

[Event "Moscow op"]
[Site "Moscow"]
[Date "1995.??.??"]
[Round "6"]
[White "Kudrin, Sergey"]
[Black "Vorotnikov, Vladislav V"]
[Result "1-0"]
[WhiteElo "2540"]
[BlackElo "2460"]
[Annotator "Kudrin,S"]
[PlyCount "83"]
[EventDate "1995.??.??"]
[EventType "swiss"]
[EventRounds "9"]
[EventCountry "RUS"]
[SourceTitle "EXT 2000"]
[Source "ChessBase"]
[SourceDate "1999.11.16"]
[SourceVersion "1"]
[SourceVersionDate "1999.11.16"]
[SourceQuality "1"]

1. e4 e5 2. Nf3 Nc6 3. Bc4 d6 4. c3 Qe7 $5 5. O-O g6 6. Re1 Bg7 7. h3 Nf6 8. d4
O-O 9. Nbd2 Bd7 10. Nf1 Rae8 11. Ng3 Kh8 12. Be3 (12. Bd2 $14) 12... exd4 $5
13. cxd4 Nxe4 14. Bg5 Nxg5 15. Rxe7 Nxf3+ 16. Qxf3 Rxe7 17. Ne2 (17. Rd1 $5)
17... Rfe8 18. Rd1 a6 19. a3 d5 $6 20. Bd3 Nxd4 21. Nxd4 Bxd4 22. Bxa6 $1 Re1+
23. Bf1 Rxd1 24. Qxd1 c5 25. a4 (25. b4 $5 $16) 25... Re6 26. Kh2 Bxf2 $2 (
26... Bc6 27. Bb5 $14) 27. Qf3 $18 Bd4 28. Qxf7 Rf6 29. Qxd7 Rxf1 30. Qc8+ Kg7
31. Qxb7+ Kh6 32. Qxd5 Rf5 33. Qc4 Bxb2 34. a5 Be5+ 35. Kg1 Bd4+ 36. Kh1 Re5
37. a6 Re1+ 38. Kh2 Re4 39. Qd5 Re5 40. Qd6 Re1 41. Qf8+ Bg7 42. Qf4+ 1-0

[Event "Elgoibar 08th"]
[Site "Elgoibar"]
[Date "1998.11.24"]
[Round "4"]
[White "Vallejo Pons, Francisco"]
[Black "Izeta Txabarri, Felix"]
[Result "1-0"]
[WhiteElo "2450"]
[BlackElo "2445"]
[Annotator "Lukacs,P"]
[PlyCount "55"]
[EventDate "1998.11.11"]
[EventType "tourn"]
[EventRounds "9"]
[EventCountry "ESP"]
[EventCategory "10"]
[SourceTitle "CBM 069"]
[Source "ChessBase"]
[SourceDate "1999.04.01"]
[SourceVersion "1"]
[SourceVersionDate "1999.04.01"]
[SourceQuality "1"]

1. e4 e5 2. Nf3 Nc6 3. Bc4 Bc5 4. d3 Nf6 5. Nc3 d6 6. Bg5 {The Canal Variation
is a rare guest on strong tournaments these days.} h6 (6... Na5 {is the other
line giving Black sufficient counterplay.}) 7. Bxf6 Qxf6 8. Nd5 Qd8 9. c3 O-O (
9... a6 $5) (9... Ne7 $142 {is the best continuation here according to
contemporary theory.}) 10. d4 (10. b4 Bb6 11. a4 a6 $5 (11... a5 {In these
types of positions Black is not afraid of being corrupted on the << .} 12. Nxb6
(12. b5 {Closing the << is not advisable for White, because in this case he
cannot make use of the weaknesses in Black's P structure.} Ne7 (12... Nb8 13.
Nxb6 cxb6 14. O-O Qe7 15. Re1 Bg4 16. h3 Bxf3 17. Qxf3 Nd7 18. d4 Rac8 $11 {
and White has also weaknesses on the <-> c, Womacka-Kuczynski, BL2-T 1996.})
13. Nxb6 cxb6 14. O-O Kh8 {/\ f5} 15. d4 Bg4 16. dxe5 {If White has to give up
the tension in the [+], he can't be better.} Bxf3 17. Qxf3 dxe5 18. Qh5 Ng6 19.
Bd5 Qc7 $11 {Macieyevski-Macieja, Warsawa op 1992}) 12... cxb6 13. bxa5 $1 Nxa5
14. Bd5 Qc7 15. c4 {Now the weaknesses on the <-> b begin to tell.} Bg4 16. O-O
Kh8 17. h3 Bxf3 18. Qxf3 Nb3 19. Ra2 Nc5 20. Qd1 Qd7 21. f4 f6 $14 {with space
advantage and chances for an |^ on the >>, Ivanovic-Anand, Manila izt 1990.})
12. Nxb6 (12. b5 {is again not that impressive:} Ne7 $5 ({Or} 12... axb5 13.
axb5 Rxa1 14. Qxa1 Ne7 15. Nxb6 cxb6 16. O-O (16. Qa2 Bg4 17. Nd2 Qd7 18. O-O
Be6 $13) 16... Ng6 $13) 13. Nxb6 (13. bxa6 bxa6 14. O-O Ng6) 13... cxb6 14.
bxa6 bxa6 15. O-O Ng6 16. Kh1 Kh8 {/\ f5} 17. Bd5 Rb8 18. Qd2 Nf4 19. c4 f5 $15
{and Black grabs the |^ on the >> due to his mighty N on f4, Nimzovich-Kostic,
Goteborg 1920.}) 12... cxb6 13. O-O (13. b5 Ne7 {- 12.b5}) (13. Qb3 {is not a
real threat:} Ne7 14. O-O Ng6 $132) 13... Ne7 ({Certainly not} 13... g5 $6 14.
Nd2 Kg7 15. Qb3 Ne7 16. Rfd1 f5 {because of} 17. Be6 $1 f4 18. d4 $16 {and
White gets the control in the [+], while Black's >> |^ is only a fata morgana,
Barle-Hansson, Reykjavik op 1988.}) 14. Ne1 (14. d4 Qc7) (14. Nh4 $6 {leaves
the [+] unattended:} d5 15. Bb3 Be6) (14. Qd2 Ng6 15. Ne1 Kh8 {/\ f5}) 14... d5
$13 {and Black immediately fights back in the [+].} (14... Ng6 $6 15. Nc2 Be6
16. Ne3 {/\ g3+/-})) 10... Bb6 $2 {This allows White to grab the |^.} (10...
exd4 {was the correct reply in order to put heavy pressure on White's [+].} 11.
cxd4 Bb6 12. O-O (12. h3 {against Bg4.} Ne7 $11 ({Or} 12... Ba5+ $5 13. Nc3 Ne7
)) 12... Bg4 13. Nxb6 axb6 14. Qd3 Bxf3 15. gxf3 {White still controls the [+],
but the price was high, his >> is completely disorganized.} Qf6 $5 (15... Na5
$5 16. Bb5 $5 (16. Bd5 c6 17. Bb3 Nxb3 18. Qxb3 b5 $15) (16. Bb3 Nxb3 17. Qxb3
Qf6) 16... c6 17. Ba4 b5 18. Bc2 Nc4 19. Qc3 (19. e5 g6) 19... Qg5+ 20. Kh1 Qd2
) (15... Ne7 $11) 16. Rad1 Ra5 $1 {Black brings his R immediately against the
weakened >>.} 17. Qe3 Rh5 18. f4 Rh4 19. f5 Re8 20. f3 $2 Qxf5 $19 {
Shinkevich-Yagupov, St.Petersburg 1996}) 11. dxe5 Nxe5 (11... dxe5 12. Qe2 Bc5
13. O-O-O Bd6 {Black has lost a lot of tempi in order to solve the problem of
his B.} 14. Rd2 Be6 15. Ne3 Qf6 16. Bxe6 Qxe6 17. Kb1 Rfd8 18. Rhd1 Bc5 19. Nd5
$14 {and due to his excellent N on d5 White holds the edge, Minasian-Sharif,
Ovieda rapid 1993.}) 12. Nxe5 dxe5 13. Qh5 Qd6 $2 {This Q manoeuvre cannot be
recommended.} (13... c6 14. Nxb6 Qxb6 15. Qxe5 (15. O-O-O Be6 $1 (15... Qxf2
16. Qxe5) 16. Bxe6 fxe6 17. f3 $14 {with a better P structure because of the
doubled pawns on the <-> e.}) 15... Qxb2 16. O-O $14) (13... Qg5 $142 {was the
persistant defence.}) 14. O-O-O $16 Qc5 (14... Bxf2 $4 15. Rhf1 Bc5 16. Nf6+ $1
$18) 15. Bb3 a5 {[]} (15... Qxf2 $2 {opens up the <-> f for the white R :} 16.
Rhf1 Qc5 17. Rxf7 $1 Rxf7 18. Nf6+ Kh8 19. Qxf7 $18) (15... Be6 $2 {founders on
} 16. Nf6+ $1 gxf6 (16... Kh8 17. Bxe6 fxe6 18. Nd7 $18) 17. Bxe6 fxe6 18. Qg6+
Kh8 19. Qxh6+ Kg8 20. Qg6+ Kh8 21. Rd3 $18) 16. g4 $3 {This brilliant
agressive move is the logical continuation of White's ->.} ({Immediately} 16.
Nf6+ {is parried by} Kh8 $1 17. Bxf7 Qe7 $1) 16... a4 17. Nf6+ $1 $18 Kh8 (
17... gxf6 18. Qg6+) 18. Bxf7 Qxf2 ({Now} 18... Qe7 {is no escape from trouble
because of} 19. g5 $1 $18 Rxf7 20. Qxf7 $1) 19. Rhf1 Qe3+ 20. Kb1 Qg5 21. Qxg5
hxg5 22. Nd7 Bxd7 23. Rxd7 {The black K is still in danger.} Rad8 (23... g6 24.
Rf3) 24. Rf3 $1 g6 25. Re7 Rd2 26. Rh3+ Kg7 27. Bc4+ Kf6 28. Rhh7 1-0